| 000 | 00574nam a2200217 a 4500 | ||
|---|---|---|---|
| 999 |
_c5763 _d5763 |
||
| 001 | 5763 | ||
| 003 | BD-JhCC | ||
| 005 | 20171221092123.0 | ||
| 008 | 171221s1967 e a|||| || | 000 0 eng d | ||
| 035 | _a(BD-JhCC)5763 | ||
| 040 |
_aBD-JhCC _dBD-JhCC |
||
| 041 | _aeng | ||
| 082 |
_a428.1 _bCON 1967 |
||
| 100 | _aO'Connor, J. D. | ||
| 245 |
_aBetter English Pronunciation / _cJ. D. O'Connor, |
||
| 260 |
_aLondon : _bCambridge University Press, _c1967. |
||
| 300 |
_a178 p. : _c19 cm. |
||
| 650 |
_aEnglish Language _xPronunciation |
||
| 942 |
_2ddc _cBK |
||